000
00327nam a22001457a 4500
999
_c
15506
_d
15506
003
OSt
008
180818b ||||| |||| 00| 0 eng d
082
_a
694.1
_b
SAL/MA
100
_a
Salariya, K.S
_9
3271
245
_a
MACHINIST
260
_a
New Delhi
_b
McGraw-Hill
300
_a
232
700
_a
Gupta, Y.P
_9
3272
942
_c
BK